000 00523nam a2200181Ia 4500
008 090124s9999 xx 000 0 und d
082 _b39835
100 _a"BERTENSHWA , T. H."
245 _aLONGMANS MODERN FRENCH COURSE PART ONE
250 _a0
260 _bLONGMANS GREEN AND CO.-LTD.
_c1942
300 _a162
600 _a"BERTENSHWA , T. H."
630 _aLONGMANS MODERN FRENCH COURSE PART ONE
700 _a"BERTENSHWA , T. H."
730 _aLONGMANS MODERN FRENCH COURSE PART ONE
942 _cBOOK
999 _c100818
_d100818